Views sought on planning enforcement (Record no. 71283)

MARC details
000 -LEADER
fixed length control field 01075cam a2200217 4500
001 - CONTROL NUMBER
control field WB3836-16
008 - FIXED-LENGTH DATA ELEMENTS--GENERAL INFORMATION
fixed length control field 021002n2002 000 0 eng u
035 ## - SYSTEM CONTROL NUMBER
System control number (Sirsi) u119963
245 ## - TITLE STATEMENT
Title Views sought on planning enforcement
260 ## - PUBLICATION, DISTRIBUTION, ETC.
Date of publication, distribution, etc. 2002
490 ## - SERIES STATEMENT
Series statement ODPM News Release
Volume/sequential designation (087) 27 September 2002, (2)
520 ## - SUMMARY, ETC.
Summary, etc. Government is seeking views on changes to the planning enforcement system. The changes are intended to increase local councils' powers to ensure planning policy if followed and to prevent or punish unauthorised developments. "Review of the planning enforcement system in England" is available from ODPM free literature, PO Box 236, Wetherby, West Yorkshire LS23 7NB or from the website at http://www.planning.odpm.gov.uk/consult/enforce/index.htm
590 ## - LOCAL NOTE (RLIN)
Local note WB
650 ## - SUBJECT ADDED ENTRY--TOPICAL TERM
Topical term or geographic name entry element PLANNING ENFORCEMENT
650 ## - SUBJECT ADDED ENTRY--TOPICAL TERM
Topical term or geographic name entry element PLANNING PROCEDURE
650 ## - SUBJECT ADDED ENTRY--TOPICAL TERM
Topical term or geographic name entry element PUBLIC CONSULTATIONS
650 ## - SUBJECT ADDED ENTRY--TOPICAL TERM
Topical term or geographic name entry element PLANNING SYSTEM
690 ## - LOCAL SUBJECT ADDED ENTRY--TOPICAL TERM (OCLC, RLIN)
Topical term or geographic name as entry element ENVIRONMENTAL AND LAND CONSULTANCY-PLANNING AND DEVELOPMENT
856 ## - ELECTRONIC LOCATION AND ACCESS
Host name http://www.odpm.gov.uk/news/0209/0087.htm
942 ## - ADDED ENTRY ELEMENTS (KOHA)
Suppress in OPAC 0
Holdings
Withdrawn status Lost status Source of classification or shelving scheme Damaged status Not for loan Home library Current library Shelving location Date acquired Total Checkouts Full call number Barcode Date last seen Copy number Price effective from Koha item type
    Dewey Decimal Classification     London London News article 02/10/2002   WB3836-16 119963-1001 06/08/2019 1 06/08/2019 News article